Constitutional law of Bangladesh / (Record no. 8821)
[ view plain ]
| 000 -LEADER | |
|---|---|
| fixed length control field | 00975cam a2200277 a 4500 |
| 001 - CONTROL NUMBER | |
| control field | 8821 |
| 003 - CONTROL NUMBER IDENTIFIER | |
| rucl marc code | BD-RjUL |
| 005 - DATE AND TIME OF LATEST TRANSACTION | |
| control field | 20211208234647.0 |
| 008 - FIXED-LENGTH DATA ELEMENTS--GENERAL INFORMATION | |
| fixed length control field | 140119s1995 bg b 001 0 eng |
| 035 ## - SYSTEM CONTROL NUMBER | |
| System control number | (BD-RjUL)8866 |
| 040 ## - CATALOGING SOURCE | |
| Original cataloging agency | DLC |
| Transcribing agency | DLC |
| Language of cataloging | eng |
| Modifying agency | BD-RjUL |
| 041 ## - LANGUAGE CODE | |
| Language code of text/sound track or separate title | eng |
| 082 00 - DEWEY DECIMAL CLASSIFICATION NUMBER | |
| Classification number | 342.5492 |
| Edition number | 20 |
| Author mark and year | ISC 1995 |
| 100 1# - MAIN ENTRY--PERSONAL NAME | |
| Personal name | Islam, Mahmudul. |
| 9 (RLIN) | 27421 |
| 245 10 - TITLE STATEMENT | |
| Title | Constitutional law of Bangladesh / |
| Statement of responsibility, etc. | Mahmudul Islam. |
| 260 ## - PUBLICATION, DISTRIBUTION, ETC. (IMPRINT) | |
| Place of publication, distribution, etc. | Dhaka : |
| Name of publisher, distributor, etc. | Bangladesh Institute of Law and International Affairs, |
| Date of publication, distribution, etc. | 1995. |
| 300 ## - PHYSICAL DESCRIPTION | |
| Pagination | lxvi, 733 p. ; |
| Size | 23 cm. |
| 500 ## - GENERAL NOTE | |
| General note | "The Constitution of the Peoples Republic of Bangladesh": p. [629]-719. |
| 504 ## - BIBLIOGRAPHY, ETC. NOTE | |
| Bibliography, etc | Includes bibliographical references and index. |
| 650 #0 - SUBJECT ADDED ENTRY--TOPICAL TERM | |
| Topical term or geographic name as entry element | Constitutional law |
| Geographic subdivision | Bangladesh. |
| 9 (RLIN) | 27422 |
| 710 2# - ADDED ENTRY--CORPORATE NAME | |
| Corporate name or jurisdiction name as entry element | Bangladesh Institute of Law and International Affairs. |
| 9 (RLIN) | 27423 |
| Corporate name or jurisdiction name as entry element | Bangladesh. |
| Title of a work | Saṃbidhāna. |
| Language of a work | English. |
| Date of a work | 1995. |
| 9 (RLIN) | 27424 |
| 942 ## - ADDED ENTRY ELEMENTS (KOHA) | |
| Source of classification or shelving scheme | Dewey Decimal Classification |
| Koha item type | Books |
| Lost status | Source of classification or shelving scheme | Damaged status | Not for loan | Collection code | Permanent Location | Current Location | Shelving location | Date acquired | Source of acquisition | Total Checkouts | Full call number | Date last seen | Date checked out | Copy number | Koha item type |
|---|---|---|---|---|---|---|---|---|---|---|---|---|---|---|---|
| Dewey Decimal Classification | Non-fiction | Central Library, University of Rajshahi | Central Library, University of Rajshahi | 04/08/2007 | Author | 9 | 342.5492 ISC 1995 | 24/02/2016 | 22/02/2016 | C-4 | Books | ||||
| Dewey Decimal Classification | Non-fiction | Central Library, University of Rajshahi | Central Library, University of Rajshahi | 10/12/2001 | Asin Foundation | 4 | 342.5492 ISC 1995 | 02/07/2025 | 17/06/2025 | C-2 | Books |